00294pab a2200121 454500008004000000100002200040245002800062260000900090300001300099362001000112650001600122773003400138180718b2008 xxu||||| |||| 00| 0 eng d aBandyopadhyay, D. aDoes land still matter? c2008 ap.37-42. a8 Mar aLand reform aEconomic and Political Weekly